000 00855nam a22002417a 4500
003 UA-OsUOA
001 30348
007 ta
008 20041109b un ||||| |||| 00| 0 ukr d
100 _aІлларіон Митрополит
090 _a281.9(477)
_bІ-43
942 _cBK
040 _aUA-OsUOA
_bukr
_cUA-OsUOA
_dUA-OsUOA
245 _aКнига нашого буття на чужині. Бережемо все своє рідне!
_bІдеологічно-історичні нариси
_cІлларіон
300 _a167 с.
955 _a2
041 _aukr
080 _a281.9(477)
260 _aВінніпег
_bУкраїнське наукове Богословське Товариство
_c1956
044 _aCA
650 7 _a281.9 Східна православна церква і скопці
_2UDC
999 _c316759
_d316759